La constitución económica
Saved in:
| Main Author: | |
|---|---|
| Other Authors: | |
| Format: | Book |
| Language: | Spanish |
| Published: |
Santiago, Chile
Legal Publishing
2015
|
| Series: | Monografías
|
| Subjects: | |
| Tags: |
Add Tag
No Tags, Be the first to tag this record!
|
MARC
| LEADER | 00000cam a2200000 a 4500 | ||
|---|---|---|---|
| 001 | UCE8771 | ||
| 003 | CL-VaPUC | ||
| 005 | 20240807163629.0 | ||
| 008 | 150904e20150000cl |||||||||||||||||spa|d | ||
| 999 | |c 360545 |d 360543 | ||
| 020 | |a 9789563467055 | ||
| 040 | |c Pontificia Universidad Católica de Valparaíso | ||
| 082 | 0 | 4 | |a 342.83 HEN 2015 |2 21 |
| 100 | |a Henríquez Viñas, Miriam Lorena |9 737728 | ||
| 245 | 1 | 3 | |a La constitución económica |
| 260 | 0 | 3 | |a Santiago, Chile |b Legal Publishing |c 2015 |
| 300 | |a 340 páginas | ||
| 490 | 0 | |a Monografías | |
| 583 | |a last modification |c 20150904 11:50:00 |k Rodrigo Vera | ||
| 650 | 0 | |a Abandono del hogar |9 309234 | |
| 650 | 0 | |a Derecho constitucional chileno |9 478271 | |
| 650 | 7 | |a GARANTIA CONSTITUCIONAL |2 CL-VaPUC |9 554513 | |
| 650 | 0 | |a Derecho económico |9 259197 | |
| 700 | 0 | |a Silva Gallinato, María Pía |9 581487 | |
| 942 | |c BK |2 ddc | ||
| 945 | |d 20150904 11:50:00 |a dcastane | ||
| 952 | |0 0 |1 0 |2 ddc |3 erb |4 0 |6 342_830000000000000_HEN_2015 |7 0 |8 A |9 470403 |a BIBDER |b BIBDER |i 5195527 |l 8 |m 7 |o 342.83 HEN 2015 |p 5195527 |r 2025-04-15 |s 2025-04-15 |t 1 |w 2019-11-23 |y BK |z Catalogado en:20150904 |k DER | ||